Albums D' Airbourne - Statistiques

Statistiques générales
  • Ce quiz a été pris 4 fois
  • Le résultat moyen est 4 sur 8
Statistiques - réponses
Annés
Réponse % Correct
2013 Black Dog Barking
100%
2020 Boneshaker
100%
2016 Breakin' Outta Hell
67%
2017 Diamond Cuts
33%
2025 Gusty
33%
2010 No Guts. No Glory
33%
2007 Runnin' Wild
33%
2004 Ready to Rock
0%
Aucun quiz correspondant
Distribution des résultats
% des personnes avec chaque résultat
Percentile par nombre de réponses
Votre historique - résultats
Vous n’avez pas pris ce quiz